Dom smútku, Pezinok

Uložené v:
Podrobná bibliografia
Hlavný autor: Gontkovič, Benjamin (Autor)
Ďalší autori: Varga, Tibor (Vedúci práce)
Médium: Rukopis Kniha
Jazyk:Slovak
Vydavateľské údaje: Bratislava 2023
Predmet:
On-line prístup:http://is.stuba.sk/zp/portal_zp.pl?podrobnosti=155579
Tagy: Pridať tag
Žiadne tagy, Buďte prvý, kto otaguje tento záznam!

MARC

LEADER 00000ntm a22000003a 4500
001 stuzp93745
003 SK-STU
005 20231004110846.6
007 ta
008 150427s2015----xo-----f-mn---000-0-slo-d
040 |a STU  |b slo 
041 0 |a slo 
100 1 |a Gontkovič, Benjamin  |u 052120  |4 aut  |U FAD Fakulta architektúry a dizajnu  |T FAD Ústav ekologickej a experimentálnej architektúry  |X 103524  |U A2120  |Y 393  |7 103524 
242 0 1 |a Funeral Hall, Pezinok  |y eng 
245 1 0 |a Dom smútku, Pezinok 
260 |c 2023  |a Bratislava 
650 4 |a Dom smútku  |2 slo 
650 4 |a pochovávanie  |2 slo 
650 4 |a drevená konštrukcia  |2 slo 
650 4 |a svetlo  |2 slo 
650 4 |a light  |2 eng 
650 4 |a wooden structure  |2 eng 
650 4 |a burial  |2 eng 
650 4 |a Funeral hall  |2 eng 
700 1 |a Varga, Tibor  |u 052120  |k Z1  |4 ths  |U FAD Fakulta architektúry a dizajnu  |T FAD Ústav ekologickej a experimentálnej architektúry  |X 337  |U A2120  |Y 393  |7 A000000337 
856 4 |u http://is.stuba.sk/zp/portal_zp.pl?podrobnosti=155579  |u https://opac.crzp.sk/?fn=detailBiblioForm&sid=C03CB0FBA6588971D13D23D1B6BF